驚蟄 :學術的桂冠 不一樣的江湖 卓越與共好 (Record no. 7657)

MARC details
000 -LEADER
fixed length control field 01107cam a2200289 i 4500
001 - CONTROL NUMBER
control field .b28222295
003 - CONTROL NUMBER IDENTIFIER
control field YEEZEN
005 - DATE AND TIME OF LATEST TRANSACTION
control field 20250711153224.0
008 - FIXED-LENGTH DATA ELEMENTS--GENERAL INFORMATION
fixed length control field 240619s2023 ch ah e 000 0cchi d
020 ## - INTERNATIONAL STANDARD BOOK NUMBER
International Standard Book Number 9789869221733
Qualifying information (平裝)
040 ## - CATALOGING SOURCE
Original cataloging agency TWFJU
Language of cataloging chi
Description conventions ccr
Transcribing agency TWFJU
042 ## - AUTHENTICATION CODE
Authentication code nbic
090 ## - LOCALLY ASSIGNED LC-TYPE CALL NUMBER (OCLC); LOCAL CALL NUMBER (RLIN)
Classification number (OCLC) (R) ; Classification number, CALL (RLIN) (NR) 419.333
245 00 - TITLE STATEMENT
Title 驚蟄 :學術的桂冠 不一樣的江湖 卓越與共好
Remainder of title 長庚醫院創始的足跡與淬鍊 : 學術的桂冠 不一樣的江湖 卓越與共好 /
Statement of responsibility, etc. 簡榮南主編
246 1# - VARYING FORM OF TITLE
Display text 版權頁副題名:
Title proper/short title 長庚醫院創始的足跡與淬鍊 :
Remainder of title 學術的桂冠.不一樣的江湖.卓越與共好
246 30 - VARYING FORM OF TITLE
Title proper/short title 長庚醫院創始的足跡與淬鍊
246 30 - VARYING FORM OF TITLE
Title proper/short title 學術的桂冠不一樣的江湖卓越與共好
250 ## - EDITION STATEMENT
Edition statement 初版
260 ## - PUBLICATION, DISTRIBUTION, ETC.
Place of publication, distribution, etc. 桃園市 :
Name of publisher, distributor, etc. 長庚醫療財團法人林口長庚紀念醫院,
Date of publication, distribution, etc. 2023.11
300 ## - PHYSICAL DESCRIPTION
Extent 265面 :
Other physical details 部分彩圖, 書影 ;
Dimensions 23公分
610 27 - SUBJECT ADDED ENTRY--CORPORATE NAME
Corporate name or jurisdiction name as entry element 林口長庚紀念醫院
Source of heading or term lcstt.
650 #7 - SUBJECT ADDED ENTRY--TOPICAL TERM
Topical term or geographic name entry element 口述歷史
Source of heading or term lcstt.
650 #7 - SUBJECT ADDED ENTRY--TOPICAL TERM
Topical term or geographic name entry element 人物志
Source of heading or term lcstt.
650 #7 - SUBJECT ADDED ENTRY--TOPICAL TERM
Topical term or geographic name entry element 訪談
Source of heading or term lcstt.
700 1# - ADDED ENTRY--PERSONAL NAME
Personal name 簡, 榮南
942 ## - ADDED ENTRY ELEMENTS (KOHA)
Source of classification or shelving scheme 中文圖書分類法
Koha item type 一般圖書
Holdings
撤銷狀態 遺失狀態 分類號來源 損壞狀態 不外借 永久館藏地 現在館藏地 書架位置 採購日期 全部借出 完整索書號 條碼號 最後一次日期記錄 一般價格有效日期 Koha館藏類型 公開資訊
未註銷館藏 未遺失 中文圖書分類法 未損毀 可外借 怡仁綜合醫院圖書館 怡仁綜合醫院圖書館   2025-07-11   419.333 C03246 2025-07-11 2025-07-11 一般圖書 驚蟄:長庚醫院創始的足跡與淬鍊:學術的桂冠.不一樣的江湖.卓越與共好 財團醫療法人財團林口長庚醫院
怡仁醫院| 地址:32643桃園市楊梅區楊新北路321巷30號 | 服務專線:03-4855566 | 電子郵件信箱:
Copyright © 1996 CHC Hospital